| 000 | 00470cam a2200181ua 4500 | ||
|---|---|---|---|
| 020 | _c39.00 | ||
| 041 |
_aeng _h |
||
| 082 |
_a028.71631 _bGRA/TR |
||
| 100 | _aGraham, Frank D. | ||
| 245 |
_aTruck and tractor guide handbook / _cD.Frank Graham. _hTextual Documents |
||
| 260 |
_aMumbai : _bD B Taraporevala sons & Co. Pvt. Ltd. , _c1977. |
||
| 300 | _a908 ; . | ||
| 365 | _a39.00 | ||
| 504 | _a | ||
| 942 | _cBK | ||
| 999 |
_c6779 _d6779 |
||